Sonetos completos (Registo nº 1450)

Detalhes MARC
000 -Etiqueta do registo
Cabeçalho 00583nam0a2200205 4500
005 - Identificador da versão
Campo de controlo 20240813121836.0
100 ## - Dados gerais de processamento
Dados gerais de processamento 20150318d1980 a y0pory5003 ba
102 ## - Pais de publicação ou produção
País de publicação Portugal
101 0# - Língua de publicação
Língua do texto, banda sonora, etc. Português
215 ## - Descrição física 
Indicação específica da natureza do documento e extensão da espécie 172, [4] p.
200 1# - Titulo e menção de responsabilidade
Título próprio Sonetos completos
Primeira menção de responsabilidade Antero de Quental
210 ## - Publicação, Distribuição, etc. 
Lugar da edição, distribuição, etc. Porto
Nome do editor, distribuidor, etc. Ed. Nova Crítica
Data da publicação, distribuição, etc. [1980?]
Data da impressão imp. 1980
606 ## - Nome comum usado como assunto
Número de registo de entrada de autoridade 0002007
Palavra de ordem Literatura portuguesa
Subdivisão de assunto Poesia
Código do sistema CA
675 ## - Classificação Decimal Universal (CDU)
Notação 821.134.3-1
Edição 3ª ed.
Língua da edição por
700 #1 - Nome de autor-pessoa física (responsabilidade principal)
Número de registo de entrada de autoridade 0002119
Palavra de ordem Quental
Outra parte do nome não tomada para palavra de ordem Antero de
Datas 1842-1891
966 ## - Identificação da Biblioteca
Sigla EB2,3ENM
942 ## - Elementos de entrada adicionados (Koha)
Tipo de item no Koha Livro
Exemplares
Situação do levantamento Origin of item (home branch) (coded) Biblioteca de empréstimo Código de barras Cota Circulation type (not for loan) Tipo de documento Nota do exemplar Damaged status
  Biblioteca Escolar Eng. Nuno Mergulhão Biblioteca Escolar Eng. Nuno Mergulhão BENM3164 82LP-1 QUE   Livro Sem mensagem